El conflicto apache en Sonora bajo el gobierno del general Ignacio Pesqueira, 1867-1872 / (Record no. 199644)

MARC details
000 -CABECERA
campo de control de longitud fija 00780nam a2200229 u 4500
005 - FECHA Y HORA DE LA ÚLTIMA TRANSACCIÓN
campo de control 20260309112744.0
008 - ELEMENTOS DE LONGITUD FIJA--INFORMACIÓN GENERAL
campo de control de longitud fija 181105s2012 mx r 000 0 spa d
020 ## - NÚMERO INTERNACIONAL NORMALIZADO PARA LIBROS
Número Internacional Estándar del Libro 9786077775287
035 ## - NÚMERO DE CONTROL DEL SISTEMA
Número de control de sistema UPN01000227549
049 ## - COLECCIÓN
Colección CG
050 #4 - SIGNATURA TOPOGRÁFICA DE LA BIBLIOTECA DEL CONGRESO
Número de clasificación E99 A6
Número de documento/Ítem L4.3
100 1# - ASIENTO PRINCIPAL--NOMBRE PERSONAL
Nombre de persona León Figueroa, Norma Guadalupe de
9 (RLIN) 42665
245 13 - MENCIÓN DE TÍTULO
Título El conflicto apache en Sonora bajo el gobierno del general Ignacio Pesqueira, 1867-1872 /
Mención de responsabilidad, etc. Norma Guadalupe de León Figueroa.
260 ## - PUBLICACIÓN, DISTRIBUCIÓN, ETC.
Lugar de publicación, distribución, etc. Hermosilo :
Nombre del editor, distribuidor, etc. El Colegio de Sonora,
Fecha de publicación, distribución, etc. 2012.
300 ## - DESCRIPCIÓN FÍSICA
Extensión 203 p.
440 #0 - MENCIÓN DE SERIE/ASIENTO SECUNDARIO--TÍTULO
Título Cuadernos cuarto creciente ;
Designación de volumen o secuencia 19
600 14 - ASIENTO SECUNDARIO DE MATERIA - NOMBRE PERSONAL
Nombre de persona PESQUEIRA, IGNACIO,
Fechas asociadas al nombre 1820-1886
9 (RLIN) 27441
650 #4 - ASIENTO SECUNDARIO DE MATERIA - TERMINO TEMATICO
Término de materia o nombre geográfico como elemento de entrada Apaches
Subdivisión geográfica Sonora
Subdivisión general Historia
Subdivisión cronológica Siglo XIX
9 (RLIN) 27438
651 #4 - ASIENTO SECUNDARIO DE MATERIA - NOMBRE GEOGRAFICO
Nombre geográfico Sonora
Subdivisión general Historia
9 (RLIN) 14970
905 ## - TIPO DE MATERIAL
Tipo de material Libro
Holdings
Estado de retiro Estado de pérdida Fuente del sistema de clasificación o colocación Estado dañado No para préstamo Código de colección Localización permanente Ubicación/localización actual Ubicación en estantería Total de préstamos Clasificación Código de barras Fecha visto por última vez Número de copia Tipo de ítem Koha
    Library of Congress Classification     Colección General Bib. Gregorio Torres Quintero Bib. Gregorio Torres Quintero Planta baja   E99 A6 L4.3 327791 31/12/2020 1 Libro